On This Day: April 11th II Quiz Stats

 Plays Quiz Updated Apr 11, 2018

Score 0/7 Timer 03:00
0 Plays Today
Question Answer Wrong Answers
Barack Obama and ______ meet in Panama, the first meeting of US and Cuban heads of state since the Cuban Revolution.
2015
Raúl Castro
92.9%
Nicolás Maduro
1.9%
Evo Morales
1.4%
Rafael Correa
2.2%
Apple’s first product, the Apple I desktop computer, which was single-handedly built and developed by this man, is released.
1976
Steve Wozniak
82.7%
Tim Cook
7.2%
Paul Allen
6.3%
Larry Page
2.3%
President Harry Truman relieves this general, a popular hero of World War II, from overall command in Korea, after the general made statements which contradicted the Truman administration's policies.
1951
Douglas MacArthur
73%
George S. Patton
21.2%
John J. Pershing
3.6%
Eddie Rickenbacker
1.6%
After being captured in Argentina, the widely publicized trial of this major organizer of the Holocaust begins in Jerusalem. He is eventually found guilty of war crimes and hanged in 1962.
1961
Adolf Eichmann
55.6%
Heinrich Himmler
18%
Joseph Goebbels
19.4%
Erwin Rommel
6.1%
This Pope issues his ‘Pacem in terris’ (Peace on Earth), the first encyclical addressed to all Christians instead of only Catholics.
1963
John XXIII
52.9%
John Paul II
29.2%
Leo XIII
10.1%
Gregory XVI
6.6%
The Battle of the Basque Roads, a major naval battle of the Napoleonic Wars, is fought between France and the United Kingdom near the ______ shore of France.
1809
Biscay
52.4%
Balearic
13.5%
Alboran
7.1%
Adriatic
26.9%
As part of the ______ Restoration, former shōgun Tokugawa Yoshinobu surrenders Edo Castle to Imperial forces, marking the end of the Tokugawa shogunate.
1868
Meiji
43%
Genji
35%
Kaei
3%
Kansei
18.6%

You're not logged in!

Compare scores with friends on all Sporcle quizzes.
OR
Log In

You Might Also Like...

Show Comments

Extras

Top Quizzes Today


Score Distribution

Your Account Isn't Verified!

In order to create a playlist on Sporcle, you need to verify the email address you used during registration. Go to your Sporcle Settings to finish the process.

Report this User

Report this user for behavior that violates our Community Guidelines.

Details: